000 01931cam a22004814a 4500
001 12426079
003 OSt
005 20210419055149.0
008 010529s2002 enkab b 001 0 eng
010 _a 2001036105
020 _a0335209262 (pb)
020 _a0335209270 (hb)
040 _aeng
_cDLC
_dDLC
041 _aeng
042 _apcc
043 _aac-----
050 0 0 _aRA395.A783
_bH43 2002
080 _a614
_bM-44
082 0 0 _a362.1/0958
_221
100 _9334
_aMcKee, Marin
_eEditor
245 0 0 _aHealth care in central Asia /
_cedited by Martin McKee, Judith Healy, and Jane Falkingham.
260 _aBuckingham ;
_aPhildelphia :
_bOpen University,
_c2002.
300 _axvi, 222 p. :
_bill., maps ;
_c24 cm.
440 0 _aEuropean Observatory on Health Care Systems series
504 _aIncludes bibliographical references and index.
650 0 _aMedical care
_zAsia, Central.
650 0 _aMedical policy
_zAsia, Central.
650 0 _aHealth care reform
_zAsia, Central.
650 0 _aMedicine
_zAsia, Central.
653 _aმედიცინა
653 _aჯანდაცვის პოლიტიკა
653 _aჯანდაცვის რეფორმა
653 _aცენტრალური აზია
700 1 _aMcKee, Martin.
_eEditor
700 1 _aHealy, Judith.
_eEditor
700 1 _aFalkingham, Jane.
_eEditor
856 4 2 _3Publisher description
_uhttp://www.loc.gov/catdir/description/mh051/2001036105.html
856 4 2 _3Contributor biographical information
_uhttp://www.loc.gov/catdir/bios/mh051/2001036105.html
856 4 1 _3Table of contents
_uhttp://www.loc.gov/catdir/toc/mh051/2001036105.html
906 _a7
_bcbc
_corignew
_d1
_eocip
_f20
_gy-gencatlg
942 _2udc
_cBK
999 _c246
_d246